Geography Quiz

Random Geography or World Quiz

Ultimate Border Challenge: 'C' Quiz Stats

 Plays Quiz Updated Nov 13, 2018

Challenge
Share
Tweet
Embed
Score 0/60 Timer 05:00
13 Plays Today
% Correct
United States
97.6%
Argentina
95.2%
Russia
94.2%
Vietnam
93.4%
Vietnam
93.4%
Peru
93.2%
Peru
93.2%
Brazil
92.8%
Laos
91.5%
Laos
91.4%
Mongolia
89%
India
88.6%
Thailand
88.5%
Venezuela
86.8%
Bolivia
86.3%
North Korea
86.2%
Panama
85.9%
Panama
85.9%
Niger
85.4%
Nepal
84.1%
Slovakia
83.6%
Nigeria
83.2%
Nigeria
83.2%
Ecuador
83.1%
Germany
82.8%
Austria
80.5%
Dem. Rep. Congo
79.5%
Slovenia
79.3%
Serbia
79%
Poland
77.8%
% Correct
Sudan
77.5%
Sudan
77.5%
Nicaragua
76.9%
Chad
76.2%
Chad
76.2%
Cen. Afr. Rep.
75.1%
Cen. Afr. Rep.
75.1%
Pakistan
74.7%
Ghana
73.2%
Bosnia-Herzegovina
72.7%
Hungary
72.5%
Myanmar
72.5%
Kazakhstan
71.8%
Afghanistan
71.2%
South Sudan
70.9%
Mali
70.7%
Bhutan
69.6%
Rep. Congo
67.7%
Rep. Congo
67.7%
Libya
66.8%
Montenegro
64.9%
Liberia
64.3%
Kyrgyzstan
63.8%
Cameroon
63.3%
Cameroon
63.3%
Tajikistan
62.9%
Guinea
61.8%
Burkina Faso
61.1%
Gabon
60.2%
Equatorial Guinea
55.5%

You're not logged in!

Compare scores with friends on all Sporcle quizzes.
OR
Log In

You Might Also Like...

Show Comments

Extras

Top Quizzes Today


Score Distribution

Your Account Isn't Verified!

In order to create a playlist on Sporcle, you need to verify the email address you used during registration. Go to your Sporcle Settings to finish the process.

Report this User

Report this user for behavior that violates our Community Guidelines.

Details: